Представление документа в формате RUSMARC

ПолеНазваниеЗначение
  Тип записи a
  Библиографический уровень m
001 Контрольный номер RU/SLIB/B/208770559
005 Дата корректировки 20240305125001.2
010 Индекс ISBN __
a ISBN 5-8183-0362-4 (В пер.)
d Цена 60-00
021 № государственной регистрации __
b № документа 2001-61944
b № документа 3019
100 Данные общей обработки __
a Данные общей обработки 19020426d2001 |||y0rusy0189 ca
101 Язык документа 0_
a Язык текста rus
c Язык оригинала rus
102 Страна публикации __
a Страна публикации RU
105 Кодированные данные (монография) __
a Кодированные данные (монография) y |||||||zy
200 Заглавие и сведения об ответственности 0_
a Заглавие Здоровье человека в современной экологической обстановке
f Первые сведения об ответственности Захар Ильич Хата
b Общее обозначение материала Текст
210 Выходные данные 1_
a Место издания М.
c Издательство Гранд
c Издательство ФАИР-ПРЕСС
d Дата издания 2001
215 Физическое описание __
a Объем 207 с.
225 Серия 2_
a Серия Популярная медицина
320 Библиография __
a Библиография Библиогр.: с. 203-204
606 Тематические рубрики __
a Основная рубрика Здравоохранение. Медицинские науки
606 Тематические рубрики __
a Основная рубрика Общая гигиена
606 Тематические рубрики __
a Основная рубрика Экология
606 Тематические рубрики __
a Основная рубрика Общие вопросы охраны окружающей среды
610 Ключевые слова 0_
a Ключевые слова окружающая среда; медицинская экология; иммунитет; закаливание; лечебное питание; информационный невроз; экологическая обстановка
686 Индексы других классификаций __
a Классификационный индекс 51.201
686 Индексы других классификаций __
a Классификационный индекс 20.1; ст51.20+ст20.1
700 Автор _1
a Фамилия Хата
b Имя З. И.
g Полное личное имя Захар Ильич
4 Код отношения 070
801 Источник записи _0
a Страна RU
b Организация Муниципальное бюджетное учреждение культуры "Централизованная библиотечная система" г. Сургут (Центральная городская библиотека им. А. С. Пушкина)
c Дата составления 20020426
g Правила каталогизации КиК/Гришунина
801 Источник записи _1
a Страна RU
b Организация Муниципальное бюджетное учреждение культуры "Централизованная библиотечная система" г. Сургут (Центральная городская библиотека им. А. С. Пушкина)
c Дата составления 20020426
g Правила каталогизации КиК/Гришунина
852 Данные о местонахождении __
j Шифр хранения 51.201
c Каталожный индекс 51.20; 20.1
i Авторский знак Х 25
p Инвентарный номер 05060442; 05060443; 05060444; 05060446
901 Тип документа __
t Тип документа m
903 Характеристики (МАРС) __
a Дата передачи 20050602
990 Данные о заказе (DOS) __
t N записи в КСУ для И/У (DOS) 200506
j Количество экземпляров (DOS) 4